| 000 | 01064nam a2200265 i 4500 | ||
|---|---|---|---|
| 001 | 187100 | ||
| 003 | ES-MaACL | ||
| 005 | 20230906222821.0 | ||
| 008 | 170417r19861914gw acf |||| |dger d | ||
| 020 | _a3-925387-13-7 | ||
| 080 | _a821.112.2 Tucholsky, Kurt 1.07 | ||
| 080 | _a821.112.2-32"19" | ||
| 100 | 1 |
_aTucholsky, Kurt. _9111625 |
|
| 245 | 1 | 4 |
_aDer zeitsparer / _cgrotesken von Ignaz Wrobel _b. Der studentenulk : eine beigabe zu Ignaz Wrobel, Der zeitsparer / Annemarie Stoltenberg. |
| 246 | 1 | 0 |
_aStudentenulk _b: eine beigabe zu Ignaz Wrobel, Der zeitsparer |
| 260 |
_aHamburg : _bGalgenberg, _c1986. |
||
| 300 |
_a23 p. ; _c23 cm + _e1 folleto ( _a16 p. : _bil., retr.) + 1 h. de lám. col. |
||
| 534 |
_pReprod. facs. de la ed. de: _cBerlin : Reuss & Pollack, 1914. |
||
| 594 | _aIgnaz Wrobel es seud. de Kurt Tucholsky. | ||
| 597 | _aGuardados en estuche. | ||
| 599 | _aLa h. de lám. reprod. la il. de cub. y estuche. | ||
| 600 | 1 | 4 |
_aTucholsky, Kurt. _9111625 |
| 700 | 1 |
_aStoltenberg, Annemarie. _9162383 |
|
| 852 |
_aES-MaACL _jL-31419 |
||
| 999 |
_c187100 _d187100 |
||